<?xml version="1.0" encoding="UTF-8"?>
<record
    xmlns:xsi="http://www.w3.org/2001/XMLSchema-instance"
    xsi:schemaLocation="http://www.loc.gov/MARC21/slim http://www.loc.gov/standards/marcxml/schema/MARC21slim.xsd"
    xmlns="http://www.loc.gov/MARC21/slim">

  <leader>00781nam a22001577a 4500</leader>
  <controlfield tag="008">150605b        xxu||||| |||| 00| 0 eng d</controlfield>
  <datafield tag="082" ind1=" " ind2=" ">
    <subfield code="a">759.989.1</subfield>
    <subfield code="b">A 516j</subfield>
  </datafield>
  <datafield tag="100" ind1=" " ind2=" ">
    <subfield code="a">Amigo Cerisola, Roberto (curador); Peluffo Linari, Gabriel (curador)</subfield>
    <subfield code="9">2930</subfield>
  </datafield>
  <datafield tag="110" ind1=" " ind2=" ">
    <subfield code="a">Asociacion Amigos del Museo Juan Manuel Blanes</subfield>
    <subfield code="9">2931</subfield>
  </datafield>
  <datafield tag="245" ind1=" " ind2=" ">
    <subfield code="a">Juan Manuel Blanes La nacion naciente 1830-1901</subfield>
    <subfield code="c">Amigo Cerisola, Roberto (curador); Peluffo Linari, Gabriel (curador)</subfield>
  </datafield>
  <datafield tag="260" ind1=" " ind2=" ">
    <subfield code="a">Montevideo</subfield>
    <subfield code="b">Artes Graficas S.A Rivadavia</subfield>
    <subfield code="c">2001</subfield>
  </datafield>
  <datafield tag="300" ind1=" " ind2=" ">
    <subfield code="a">216 p.</subfield>
    <subfield code="b">ill. (col)</subfield>
    <subfield code="c">23 x 28</subfield>
  </datafield>
  <datafield tag="600" ind1=" " ind2=" ">
    <subfield code="a">Blanes, Juan Manuel-</subfield>
    <subfield code="d">1830-1901</subfield>
    <subfield code="x">Critica e interpretaci&#xF3;n</subfield>
    <subfield code="9">2932</subfield>
  </datafield>
  <datafield tag="650" ind1=" " ind2=" ">
    <subfield code="x">Pintura Uruguaya-S.19-Catalogo de exhibicion</subfield>
    <subfield code="x">Nacionalismo en el arte</subfield>
    <subfield code="9">2933</subfield>
  </datafield>
  <datafield tag="700" ind1=" " ind2=" ">
    <subfield code="a">Roberto Amigo Cerisola; Gabriel Peluffo Linari</subfield>
    <subfield code="9">2934</subfield>
  </datafield>
  <datafield tag="999" ind1=" " ind2=" ">
    <subfield code="c">654</subfield>
    <subfield code="d">654</subfield>
  </datafield>
  <datafield tag="952" ind1=" " ind2=" ">
    <subfield code="0">0</subfield>
    <subfield code="1">0</subfield>
    <subfield code="2">ddc</subfield>
    <subfield code="4">0</subfield>
    <subfield code="7">0</subfield>
    <subfield code="a">LV</subfield>
    <subfield code="b">LV</subfield>
    <subfield code="c">Monograf&#xED;as</subfield>
    <subfield code="d">2015-06-05</subfield>
    <subfield code="l">0</subfield>
    <subfield code="o">759.989.1 A 516j</subfield>
    <subfield code="p">000606</subfield>
    <subfield code="r">2015-06-05 00:00:00</subfield>
    <subfield code="w">2015-06-05</subfield>
    <subfield code="y">01</subfield>
  </datafield>
</record>
